Carregant...

FACETS OF INDIAN CULTURE VOL.1

Dades bibliogràfiques
Altres autors: BHATTACHARYYA , A K (Editor)
Format: Printed Book
Publicat:
Matèries:
LEADER 00622nam a2200229 4500
020 |c 0.0 
082 |a 080 FAC/BHA,I 
100
245 |a FACETS OF INDIAN CULTURE VOL.1  |h ENGLISH 
250
260 |c   
300
500 |a   
501 |a Reference 
538
590
630
650 |a FACETS OF INDIAN CULTURE VOL.1 
700 |a BHATTACHARYYA , A K  |e Editor 
942 |c REF 
999 |c 178570  |d 178570 
952 |0 0  |1 0  |4 0  |6 080_000000000000000_FAC_BHAI  |7 0  |9 191933  |a AGY  |b AGY  |g 0.00  |l 0  |o 080 FAC/BHA,I  |p AGY2779  |r 2019-10-25  |w 2019-10-25  |y REF